000 00341 a2200157 4500
001 183164
020 _a
040 _cMagnum
100 _aVisconde de Chateaubriand, Francois Rene
240 1 0 _aAtala.rené
_lpor
245 1 0 _aAtala.rené
300 _a124
440 1 _aRocco
697 _aLITERATURA GERAL ESTRANGEIRA
942 _cBK
999 _c183164
_d183164